| 000 | 00521nam a2200181Ia 4500 | ||
|---|---|---|---|
| 003 | OSt | ||
| 005 | 20241107111312.0 | ||
| 008 | 210210b1946 xxu||||| |||| 00| 0 eng d | ||
| 040 | _cAL | ||
| 041 | _aKannada | ||
| 082 | _a859/432 | ||
| 100 |
_aKHVAJA AHAMMAD ABBAS _942559 _dಖ್ವಾಜ ಅಹಮದ್ ಅಬ್ಬಾಸ್ |
||
| 245 |
_aDoctor kotnis _bಡಾಕ್ಟರ್ ಕೋಟ್ನಿಸ್ |
||
| 260 |
_aBengaluru _b- _c1946 |
||
| 690 |
_aKannada Fiction _942561 |
||
| 906 | _a021302 | ||
| 942 |
_2ddc _cBK |
||
| 999 |
_c145366 _d145366 |
||